|
|
|
|
| LEADER |
01687nam a2200277 a 4500 |
| 003 |
GR-PaULI |
| 005 |
20231027063226.0 |
| 008 |
000317r19991857gr f 1 gre d |
| 952 |
|
|
|0 0
|1 0
|2 ddc
|4 0
|6 949_502000000000000_ΖΑΜ
|7 0
|9 232016
|a LISA
|b LISA
|c BSC
|d 2019-05-16
|i 14227
|l 0
|o 949.502 ΖΑΜ
|p 025000262287
|r 2019-05-16 00:00:00
|t 1
|w 2019-05-16
|y BK15
|
| 999 |
|
|
|c 140958
|d 140958
|
| 020 |
|
|
|a 9602580690
|
| 040 |
|
|
|a GR-PaULI
|b gre
|c GR-PaULI
|d GR-AiPI
|e AACR2
|
| 082 |
0 |
4 |
|a 949.502
|2 23
|
| 100 |
1 |
|
|9 31122
|a Ζαμπέλιος, Σπυρίδων,
|d 1815-1881
|e συγγραφέας.
|
| 245 |
1 |
0 |
|a Βυζαντιναί μελέται :
|b Περί πηγών νεοελληνικής εθνότητος από Η´. άχρι Ι´ εκατονταετηρίδος μ.Χ. /
|c υπό Σ. Ζαμπέλιου.
|
| 260 |
|
|
|a Αθήνα :
|b Καραβίας,
|c 1857 [ανατύπωση 1999]
|
| 300 |
|
|
|a 696, ρβ', [6]σ. :
|b εικ. ;
|c 22 εκ.
|
| 490 |
1 |
|
|a Βιβλιοθήκη ιστορικών μελετών / Καραβίας ;
|v 111
|
| 534 |
|
|
|3 Ανάτυπο. Πρωτότυπη έκδοση : Εν Αθήναις : Τύποις Χ. Νικολαΐδου Φιλαδελφέως, 1857.
|
| 650 |
|
4 |
|9 170589
|a Βυζαντινή Ιστορία
|
| 651 |
|
4 |
|9 2011
|a Βυζαντινή Αυτοκρατορία
|x Ιστορία
|
| 651 |
|
4 |
|a Βυζαντινή Αυτοκρατορία
|x Οικονομικές συνθήκες
|9 7701
|
| 651 |
|
4 |
|9 2103
|a Βυζαντινή Αυτοκρατορία
|x Κοινωνικές συνθήκες
|
| 830 |
|
0 |
|a Βιβλιοθήκη ιστορικών μελετών (Καραβίας)
|v 111
|9 163519
|
| 942 |
|
|
|2 ddc
|c BK15
|
| 998 |
|
|
|c ΜΙΧΟΣΤΑΥΡΟΥ
|d 2019-05
|